Vista normal Vista MARC
  • Rincón M., Sandra M.

Entrada Nombre personal

Número de registros utilizados en: 14

001 - NÚMERO DE CONTROL

  • campo de control: 38787

003 - IDENTIFICADOR DEL NÚMERO DE CONTROL

  • campo de control: OSt

005 - FECHA Y HORA DE LA ÚLTIMA TRANSACCIÓN

  • campo de control: 20191111073433.0

008 - DATOS DE LONGITUD FIJA

  • campo de control de longitud fija: 191111|| aca||aabn | a|a d

040 ## - FUENTE DE LA CATALOGACIÓN

  • Centro catalogador/agencia de origen: OSt
  • Centro/agencia transcriptor: OSt

100 ## - ENCABEZAMIENTO-NOMBRE DE PERSONA

  • Nombre de persona: Rincón M., Sandra M.

670 ## - FUENTE DE DATOS ENCONTRADOS

  • Cita de la fuente: Work cat.: (OSt)15316: Cuéllar M., Mónica C. 37394, Estudio del mercado internacional de la industria oleoquimica, 2002